[Event "XX Sants Open 2018"]
[Site "Cotxeres de Sants"]
[Date "2018.08.19"]
[Round "3"]
[White "Romero Funieles, Rafael"]
[Black "Febrero Perez, Lluis"]
[Result "0-1"]
[WhiteElo "1642"]
[BlackElo "1515"]
[Annotator "NA"]
[PlyCount "62"]
[EventDate "2018.08.17"]
[EventType "swiss"]
[EventCountry "ESP"]
[SourceTitle "playchess.com"]
[Source "ChessBase"]
[SourceQuality "1"]
[TimeControl "40/5400+30:1800+30"]

1. e4 {[%emt 0:10:29]} e5 {[%emt 0:00:00]} 2. Nf3 {[%emt 0:00:39]} Nc6 {[%emt 0:00:00]} 3. d3 {[%emt 0:00:52]} Nf6 {[%emt 0:00:00]} 4. Be2 {[%emt 0:00:42]} Be7 {[%emt 0:00:00]} 5. Nc3 {[%emt 0:00:57]} O-O {[%emt 0:01:21]} 6. a3 {[%emt 0:00:14]} d6 {[%emt 0:01:32]} 7. h3 {[%emt 0:02:01]} b6 {[%emt 0:01:39]} 8. b4 {[%emt 0:03:30]} Bb7 {[%emt 0:00:11]} 9. O-O {[%emt 0:01:57]} d5 {[%emt 0:05:37]} 10. exd5 {[%emt 0:03:06]} Nxd5 {[%emt 0:00:06]} 11. Nxd5 {[%emt 0:00:55]} Qxd5 {[%emt 0:00:17]} 12. c4 {[%emt 0:01:21]} Qd6 {[%emt 0:01:28]} 13. Bg5 {[%emt 0:02:16]} Qg6 {[%emt 0:03:54]} 14. Bxe7 {[%emt 0:05:40]} Nxe7 {[%emt 0:00:06]} 15. g3 {[%emt 0:08:27]} Rad8 {[%emt 0:07:42]} 16. Nxe5 {[%emt 0:03:29]} Qe6 {[%emt 0:05:10]} 17. Bf3 {[%emt 0:08:18]} Bxf3 {[%emt 0:01:31]} 18. Nxf3 {[%emt 0:00:30]} Qxh3 {[%emt 0:00:08]} 19. d4 {[%emt 0:06:19]} Qg4 {[%emt 0:04:55]} 20. Rc1 {[%emt 0:04:09]} Ng6 {[%emt 0:03:36]} 21. d5 {[%emt 0:04:47]} Nf4 {[%emt 0:03:07]} 22. Nd4 {[%emt 0:02:31]} Qg5 {[%emt 0:05:20]} 23. Rc3 {[%emt 0:04:56]} Rd6 {[%emt 0:03:10]} 24. Nf3 {[%emt 0:03:30]} Nh3+ {[%emt 0:05:10]} 25. Kh2 {[%emt 0:02:28]} Qh6 {[%emt 0:02:13]} 26. Kg2 {[%emt 0:04:17]} Rg6 {[%emt 0:08:44]} 27. Rh1 {[%emt 0:03:01]} Nf4+ {[%emt 0:01:19]} 28. Kg1 {[%emt 0:01:37]} Nh5 {[%emt 0:04:57]} 29. Re3 {[%emt 0:06:20]} Rxg3+ {[%emt 0:00:33]} 30. Kf1 {[%emt 0:01:00]} Rg4 {[%emt 0:06:33]} 31. Re5 {[%emt 0:01:43]} Ng3+ {[%emt 0:00:26] Qe1} 0-1

[Event "XX Sants Open 2018"]
[Site "Cotxeres de Sants"]
[Date "2018.08.19"]
[Round "3"]
[White "Trenchs Lopez, Christian"]
[Black "Grasa Solanas, Oscar"]
[Result "0-1"]
[WhiteElo "1516"]
[BlackElo "1646"]
[Annotator "NA"]
[PlyCount "68"]
[EventDate "2018.08.17"]
[EventType "swiss"]
[EventCountry "ESP"]
[SourceTitle "playchess.com"]
[Source "ChessBase"]
[SourceQuality "1"]
[TimeControl "40/5400+30:1800+30"]

1. e4 d5 2. exd5 Nf6 3. Bc4 Nxd5 4. Nf3 e6 5. O-O Be7 6. Nc3 O-O 7. d4 Nxc3 8. bxc3 Nd7 9. Bf4 Nf6 10. Qe2 c5 11. Rfd1 Qa5 12. Bd2 Qc7 13. a4 b6 14. Bg5 cxd4 15. cxd4 Bb7 16. Bd3 Nd5 17. Bxe7 Qxe7 18. Qe4 g6 19. Qe1 Nf6 20. Ne5 Rad8 21. Bf1 Qc7 22. c4 Rd6 23. a5 Rfd8 24. axb6 axb6 25. Qc3 Kg7 26. g3 h5 27. Bg2 Bxg2 28. Kxg2 Qb7+ 29. Qf3 Qxf3+ 30. Nxf3 Ne4 31. Ra6 Nc3 32. Rd3 Ne2 33. c5 bxc5 34. Ra2 Nc1 0-1

[Event "XX Sants Open 2018"]
[Site "Cotxeres de Sants"]
[Date "2018.08.19"]
[Round "3"]
[White "Castano Fernandez, Alfredo"]
[Black "Martinez Torras, Pol"]
[Result "0-1"]
[WhiteElo "1515"]
[BlackElo "1642"]
[Annotator "NA"]
[PlyCount "66"]
[EventDate "2018.08.17"]
[EventType "swiss"]
[EventCountry "ESP"]
[SourceTitle "playchess.com"]
[Source "ChessBase"]
[SourceQuality "1"]
[TimeControl "40/5400+30:1800+30"]

1. e4 c6 2. Nc3 d5 3. Nf3 Bg4 4. h3 Bxf3 5. Qxf3 e6 6. d4 Nf6 7. e5 Nfd7 8. Ne2 c5 9. Be3 cxd4 10. Bxd4 Nc6 11. Qg3 Qc7 12. f4 Nb4 13. Kf2 Qxc2 14. a3 Nc6 15. Rc1 Qd2 16. Be3 Qxb2 17. Kg1 Qxa3 18. Qf2 d4 19. Bd2 Bc5 20. Rxc5 Qxc5 21. Ng3 d3 22. Bxd3 Qxf2+ 23. Kxf2 Nc5 24. Bb1 O-O-O 25. Be3 Nb3 26. Ne4 Rd7 27. Nd6+ Kb8 28. Rd1 Rhd8 29. Bc2 Nba5 30. Ke2 Nb4 31. Ba4 Nac6 32. Rd2 Nd5 33. g3 Nc3+ {Bd4} 0-1

[Event "XX Sants Open 2018"]
[Site "Cotxeres de Sants"]
[Date "2018.08.20"]
[Round "4"]
[White "Swiercz, Dariusz"]
[Black "Sardana, Rishi"]
[Result "1/2-1/2"]
[WhiteElo "2669"]
[BlackElo "2407"]
[Annotator "TA"]
[PlyCount "100"]
[EventDate "2018.08.17"]
[EventType "swiss"]
[EventCountry "ESP"]
[SourceTitle "playchess.com"]
[Source "ChessBase"]
[SourceQuality "1"]

{[%evp 35,100,16,28,8,29,22,26,28,32,34,27,7,16,0,0,0,0,0,0,0,0,0,24,0,53,0,0,0,0,-2,0,0,0,-3,-11,0,0,0,0,0,0,0,9,4,5,0,13,0,15,14,28,8,8,-5,8,0,32,0,41,39,29,0,0,0,0,0,0]} 1. e4 e5 2. Nf3 Nc6 3. Bb5 a6 4. Ba4 Nf6 5. O-O Be7 6. Re1 b5 7. Bb3 d6 8. c3 O-O 9. h3 Nb8 10. d4 Nbd7 11. Nbd2 Bb7 12. Bc2 Re8 13. Nf1 Bf8 14. Ng3 g6 15. Bg5 h6 16. Bd2 Bg7 17. a4 Nb6 {C95: Spanische Partie (Breyer-Variante)} 18. axb5 axb5 {LiveBook: 3 Partien} 19. b3 c5 20. d5 {[#]} Rxa1 $146 ({Vorgänger:} 20... Qc7 21. Qe2 c4 22. b4 Reb8 23. Be3 Bc8 24. Qd2 Kh7 25. Nh2 Rxa1 26. Rxa1 {0-1 (100) Pichot,A (2544)-Cheparinov,I (2689) Doha 2016}) 21. Qxa1 Qc7 22. Qc1 Kh7 23. Nh2 Ra8 24. Rf1 Bc8 25. f4 exf4 26. Bxf4 Ng8 27. Bb1 Qe7 28. Nf3 Nd7 29. b4 Ra7 (29... Ngf6 $11) 30. Bd3 (30. Nh5 $14) 30... c4 $11 31. Bb1 Ne5 32. Nxe5 Bxe5 33. Ne2 Bxf4 34. Qxf4 Kg7 35. Nd4 {[#] Schwarz muss nun Sc6 beachten.} Bd7 $1 36. Nf3 f6 37. Qg3 g5 38. Qf2 Ra3 39. Qb2 Ra6 40. Qd2 Ra1 41. Qd4 Be8 42. Qf2 Ra6 43. Re1 Bd7 44. Qd4 Be8 45. Qe3 Ra1 46. Kf2 Qa7 47. Nd4 {Droht Sf5+ und aus.} Bd7 48. Bc2 Ne7 {Die Stellung ist ausgeglichen.} 49. Qg3 Rxe1 50. Kxe1 Qa6 {Precision: Weiß = 43%, Schwarz = 68%.} 1/2-1/2

[Event "XX Sants Open 2018"]
[Site "Cotxeres de Sants"]
[Date "2018.08.20"]
[Round "4"]
[White "Gledura, Benjamin"]
[Black "Anurag, Mhamal"]
[Result "1/2-1/2"]
[WhiteElo "2626"]
[BlackElo "2484"]
[Annotator "TA"]
[PlyCount "51"]
[EventDate "2018.08.17"]
[EventType "swiss"]
[EventCountry "ESP"]
[SourceTitle "playchess.com"]
[Source "ChessBase"]
[SourceQuality "1"]

{[%evp 9,51,14,18,6,37,29,27,26,27,15,12,17,31,20,54,58,49,52,52,47,81,60,52,62,75,29,27,12,9,0,0,0,0,0,0,6,0,0,0,0,7,0,12,0]} 1. d4 Nf6 2. c4 g6 3. g3 c6 4. Bg2 d5 5. Nd2 (5. Qa4 Bg7 6. cxd5 O-O 7. e4 cxd5 8. e5 Nfd7 9. Nc3 Nb6 10. Qd1 Nc6 11. Nge2 Bg4 12. h3 Bxe2 13. Nxe2 {0-1 (60) Mamedyarov,S (2801)-Vachier Lagrave,M (2779) Saint Louis 2018}) 5... Bg7 {LiveBook: 18 Games} 6. b3 {D71: Fianchetto Grünfeld: 3 g3 d5 sidelines and 5 cxd5 (without Nf3)} c5 $146 ({Predecessor:} 6... O-O 7. Bb2 a5 8. e3 a4 9. Ne2 axb3 10. axb3 Na6 11. O-O Bf5 12. Nf3 Ne4 {½-½ (28) Rodshtein,M (2678)-Gledura,B (2615) Brest 2018}) 7. dxc5 dxc4 {[#] And now ...Ng4 would win.} 8. Bb2 {White has an edge.} Qa5 9. Ngf3 c3 10. Nc4 Qxc5 11. Bxc3 Ne4 {[%csl Ge4][%cal Rc5f2] [#]} 12. Bd4 Qb4+ 13. Kf1 O-O 14. Bxg7 Kxg7 15. Qd4+ Nf6 16. Nfe5 Nc6 17. Nxc6 bxc6 18. h4 Be6 {The position is equal.} 19. Rc1 Rfd8 20. Qa1 h5 21. Bf3 a5 $1 22. Ne5 Rd2 23. Nc4 {Threatens to win with a3.} Rdd8 24. Ne5 Rd2 25. Nc4 {aiming for a3.} Rdd8 26. Ne5 {Precision: White = 52%, Black = 80%.} 1/2-1/2

[Event "XX Sants Open 2018"]
[Site "Cotxeres de Sants"]
[Date "2018.08.20"]
[Round "4"]
[White "Esipenko, Andrey"]
[Black "Aguero Jimeney, Luis Lazaro"]
[Result "1-0"]
[WhiteElo "2589"]
[BlackElo "2482"]
[Annotator "TA"]
[PlyCount "145"]
[EventDate "2018.08.17"]
[EventType "swiss"]
[EventCountry "ESP"]
[SourceTitle "playchess.com"]
[Source "ChessBase"]
[SourceQuality "1"]

{[%evp 22,145,38,47,55,63,105,109,163,155,150,144,168,174,258,246,261,151,155,114,109,110,113,109,99,68,64,69,111,118,93,58,69,58,53,54,58,62,52,48,34,34,64,62,64,69,70,66,69,77,78,58,56,56,52,53,45,47,47,19,17,18,19,19,32,31,31,36,46,8,8,12,19,8,172,180,223,223,368,343,291,265,257,215,208,218,210,195,653,659,417,605,563,544,2330,2349,2340,1844,1529,1471,1106,1052,29971,29972,29971,29973,29977,29978,29980,29979,29981,29976,29980,29981,29981,29981,29982,29982,29980,29977,29983,29984,29986,29987,29987,29981]} 1. d4 d5 2. c4 dxc4 3. e4 e5 4. Nf3 exd4 5. Bxc4 Bb4+ 6. Nbd2 Nc6 7. O-O Nf6 {[%cal Bg8f6,Bf6d5,Bd5b6][%mdl 32]} 8. e5 Nd5 9. Nb3 Nb6 10. Bb5 Qd5 {D20: Angenommenes Damengambit} 11. Bxc6+ bxc6 12. Qxd4 {LiveBook: 4 Partien} Qxd4 {Weiß steht etwas besser.} 13. Nfxd4 {[#]} Ba6 $146 ({Vorgänger:} 13... Bd7 14. Bg5 h6 15. Bh4 c5 16. Nc2 g5 17. Bg3 Be6 18. Nxb4 cxb4 {½-½ (41) Wojtaszek,R (2630)-Degraeve,J (2558) France 2009}) 14. Rd1 $1 Bb5 (14... c5 $16 {war nötig.}) 15. a3 $18 Bf8 16. Na5 O-O-O {Und weiter mit ...c5 wäre nett.} 17. Bg5 f6 (17... Rd5 $142) 18. exf6 Rd5 {und wenn ...La4 ginge, stände Schwarz gut.} 19. Nxb5 (19. Re1 $18 Rxg5 20. Re8+ (20. Naxc6 $2 Bxc6 21. Nxc6 gxf6 $17) 20... Kd7 21. f7) 19... cxb5 $16 20. Rxd5 Nxd5 21. f7 {Droht stark Td1.} Kd7 22. Rd1 c6 23. Re1 h6 24. Be3 Bd6 25. Bd4 Rf8 26. Bxg7 Rxf7 27. Bxh6 Rh7 28. Bd2 $1 Bxh2+ 29. Kf1 {zielt auf g3 ab.} Bf4 30. Rd1 Be5 31. Bc1 Rh1+ 32. Ke2 Rxd1 33. Kxd1 $14 {[%mdl 4096] Endspiel KLS-KLS} c5 34. Nb3 Kd6 35. Nd2 Bd4 36. Ne4+ Ke5 37. f3 c4 38. Bh6 Ke6 39. Kc2 b4 40. Nd2 b3+ 41. Kc1 Nb6 42. Kb1 a5 43. Ne4 a4 44. Bd2 Nd5 45. Bc3 Bxc3 46. bxc3 $11 {KS-KS} Ne3 47. g4 {[%cal Bg2g4,Bg4g5,Bg5g6][%mdl 32] Droht Sc5+ und aus.} Kd5 $2 (47... Nd5 $11 {und Schwarz muss sich keine Sorgen machen.}) 48. g5 $1 $18 Nf5 {[#]} 49. g6 $1 Ng7 (49... Ne7 {kämpft weiter.}) 50. Kc1 Nh5 51. Kd2 Ng7 52. Nf2 Ke6 53. Nd1 Nf5 54. Nb2 Nd6 $2 (54... Nh4 55. g7 (55. Nxa4 Nxg6 56. Nb6 Ne5 $18) (55. Nxc4 Nxg6 56. Nb6 Kf5 $18) 55... Kf7) 55. Nxa4 Nb5 {[#]} 56. Nc5+ $1 Kf6 57. a4 b2 58. Ne4+ Kxg6 59. Kc2 Nc7 60. Kxb2 Kf5 61. Ka3 Kf4 62. Kb4 {Weiß setzt Matt.} Kxf3 63. Nd6 Ke3 64. Kxc4 Kd2 65. Ne4+ Kc2 66. Nc5 Ne8 67. a5 {[%cal Ba4a5,Ba5a6][%mdl 32]} Nd6+ 68. Kb4 Nc8 69. a6 Kd2 70. Kc4 Kc2 71. Ne4 Ne7 72. Kc5 Nc8 73. Kc6 {Precision: Weiß = 79%, Schwarz = 51%.} 1-0

[Event "XX Sants Open 2018"]
[Site "Cotxeres de Sants"]
[Date "2018.08.20"]
[Round "4"]
[White "Cruz, Cristhian"]
[Black "Pulvett Marin, Daniel Eduardo"]
[Result "1/2-1/2"]
[WhiteElo "2571"]
[BlackElo "2465"]
[Annotator "TA"]
[PlyCount "62"]
[EventDate "2018.08.17"]
[EventType "swiss"]
[EventCountry "ESP"]
[SourceTitle "playchess.com"]
[Source "ChessBase"]
[SourceQuality "1"]

{[%evp 21,62,4,11,0,44,0,35,22,22,8,16,31,27,0,0,-12,-8,-47,0,-27,20,-87,-23,-22,22,19,25,22,17,16,5,0,86,95,66,73,71,65,112,24,31,0,108]} 1. d4 Nf6 2. c4 e6 3. Nf3 b6 4. g3 Ba6 5. b3 Bb4+ 6. Bd2 Be7 7. Bg2 c6 8. O-O d5 9. Qc2 O-O 10. Rd1 Nbd7 11. a4 Qc8 {LiveBook: 21 Games. E15: Queen's Indian: 4 g3 sidelines, 4 g3 Ba6 and 4 g3 Bb7 early deviations} 12. Be1 (12. Na3 c5 13. cxd5 Nxd5 14. Nc4 Bb7 15. dxc5 Nxc5 16. Rac1 Nf6 17. b4 Nce4 18. Be1 Qe8 19. Ng5 Nxg5 20. Bxb7 {1-0 (35) Matlakov,M (2704)-Zhou,J (2624) Qinhuangdao 2018}) 12... c5 13. Na3 {[#]} dxc4 $146 ({Predecessor:} 13... Bb7 14. dxc5 Nxc5 15. b4 Nce4 16. Rac1 a5 17. cxd5 axb4 18. Qb1 Bc5 19. Nc4 {½-½ (75) Cori Tello,J (2549)-Alonso Rosell,A (2528) Sitges 2015}) 14. Nxc4 Bb7 15. Rac1 Be4 16. Qb2 Qb7 17. b4 cxd4 18. Qxd4 Rac8 19. g4 e5 20. Qd2 Nd5 21. e3 (21. Nh4 $1 $11 N7f6 22. Bxe4 Nxe4 23. Qxd5 Qxd5 24. Rxd5 Bxh4 25. Rdd1) 21... Bxb4 (21... Rc7 $17 22. Nh4 Bxg2 23. Nxg2 Nxb4) 22. Qb2 $11 Bc5 23. Ncd2 $1 {[%cal Rd2e4] [#]} Nxe3 $1 {[%mdl 512]} 24. fxe3 Bxe3+ 25. Bf2 Bxf2+ 26. Kxf2 Nc5 (26... Rxc1 $11 {keeps the balance.} 27. Rxc1 Nc5) 27. Nxe4 $16 Qxe4 28. Nxe5 Qf4+ 29. Kg1 Qe3+ 30. Kf1 ({White should try} 30. Kh1 $16) 30... Qf4+ $11 31. Kg1 (31. Nf3 $14) 31... Qe3+ $1 {Precision: White = 33%, Black = 42%.} 1/2-1/2

[Event "XX Sants Open 2018"]
[Site "Cotxeres de Sants"]
[Date "2018.08.20"]
[Round "4"]
[White "Volkov, Sergey"]
[Black "Neef, Maximilian"]
[Result "1/2-1/2"]
[WhiteElo "2557"]
[BlackElo "2463"]
[Annotator "TA"]
[PlyCount "98"]
[EventDate "2018.08.17"]
[EventType "swiss"]
[EventCountry "ESP"]
[SourceTitle "playchess.com"]
[Source "ChessBase"]
[SourceQuality "1"]

{[%evp 28,98,8,0,22,0,0,0,0,0,0,0,2,0,0,6,5,0,49,0,47,47,47,52,69,69,69,70,43,58,87,21,131,0,30,29,29,29,29,28,28,23,57,36,83,74,70,0,0,4,8,1,8,8,9,8,8,8,8,8,57,8,8,0,0,0,0,0,0,0,0,0,0]} 1. d4 Nf6 2. c4 g6 3. Nc3 Bg7 4. e4 d6 5. Nf3 O-O 6. Be2 e5 7. Be3 exd4 8. Nxd4 Re8 9. f3 c6 10. Qd2 d5 11. exd5 cxd5 12. O-O Nc6 13. Rad1 dxc4 14. Bxc4 Nxd4 15. Bxd4 {LiveBook: 30 Partien} Qc7 {E92: Königsindisch (Klassisches System)} (15... Be6 16. Bb5 Rf8 17. Qf2 Qa5 18. Rd2 Rfd8 {½-½ (18) Blass,U (2602)-Bubir,S (2586) ICCF email 2012}) 16. Bb5 Rd8 17. Qf2 Be6 $1 18. Bxa7 Nd5 19. Nxd5 Rxd5 20. Rxd5 Bxd5 21. a4 $36 {[%mdl 2048] Weiss steht aktiver.} Bb3 $146 ({Vorgänger:} 21... Be5 22. f4 Bxf4 23. Qxf4 Qxf4 24. Rxf4 Rxa7 {½-½ (39) Timoscenko,G (2494)-Bawart,M (2334) Vienna 2006}) 22. Bb6 Qf4 23. g3 (23. Qe3 $5 {[%cal Re3f4]} Qd6 24. Qxb3 Qxb6+ 25. Kh1 $14) 23... Qf6 24. a5 Rc8 25. Bd3 Bd5 26. b4 Qc3 27. Be4 Bxe4 28. fxe4 Qc4 29. b5 (29. Qd2 $16) 29... Rf8 {[#]} (29... Ra8 $11) 30. Bc5 (30. Qc5 $1 $16 {[%cal Rc5c4]} Qxe4 31. a6) 30... Rc8 (30... Ra8 $5 {[%cal Ra8a5]}) 31. Be3 Rf8 32. b6 Qxe4 33. Qf3 Qxf3 $1 34. Rxf3 $11 {[%mdl 4096] Endspiel KTL-KTL} Rd8 35. Bf4 g5 36. Bxg5 Rd5 37. a6 (37. Bf4 $14 Rxa5 38. Rd3) 37... bxa6 38. Be3 Rb5 39. Rf4 a5 40. Rc4 {[#] Droht Matt per Tc8+.} Be5 41. Rc5 Rxc5 42. Bxc5 {zielt auf Kf1 ab. KL-KL} f6 43. b7 {Le3 ist eine echte Drohung.} a4 44. Ba3 {Droht stark Kf2.} Kf7 {Die Stellung ist ausgeglichen.} 45. Bc1 {Und Kf2 würde nun gewinnen.} Ke6 46. Bf4 Bd4+ $1 47. Kg2 Ba7 48. Be3 Bb8 49. Bf4 Ba7 {Precision: Weiß = 62%, Schwarz = 61%.} 1/2-1/2

[Event "XX Sants Open 2018"]
[Site "Cotxeres de Sants"]
[Date "2018.08.20"]
[Round "4"]
[White "Quesada Perez, Yasser"]
[Black "Escalante Ramirez, Brian Sebasti"]
[Result "1-0"]
[WhiteElo "2534"]
[BlackElo "2438"]
[Annotator "TA"]
[PlyCount "42"]
[EventDate "2018.08.17"]
[EventType "swiss"]
[EventCountry "ESP"]
[SourceTitle "playchess.com"]
[Source "ChessBase"]
[SourceQuality "1"]

{[%evp 27,42,0,0,0,0,0,6,6,27,12,256,257,263,266,258,251,289]} 1. e4 {[%cal Be2e4,Be4e5][%mdl 32]} Nf6 {[%cal Bg8f6,Bf6d5,Bd5b6][%mdl 32]} 2. e5 Nd5 3. d4 d6 4. c4 Nb6 5. f4 dxe5 6. fxe5 Nc6 7. Be3 Bf5 8. Nc3 e6 9. Nf3 Be7 10. d5 exd5 11. cxd5 Nb4 12. Nd4 Bd7 {[%cal Bf5d7,Bd7c6,Bc6h1][%mdl 32]} 13. e6 {B03: Alekhine's Defence: Four Pawns Attack} fxe6 14. dxe6 Bc6 $1 {LiveBook: 39 Games} 15. a3 {The position is equal.} (15. Qg4 Bh4+ 16. g3 O-O 17. O-O-O Bxh1 18. gxh4 Qf6 19. Bb5 c6 20. Bg5 Qe5 21. e7 Rfe8 22. Rxh1 cxb5 23. Nf3 Nd3+ 24. Kc2 {0-1 (34) Grischuk,A (2748)-Svidler,P (2726) Odessa 2009}) 15... Bh4+ 16. g3 $1 Bxh1 17. axb4 {Threatens to win with Bd3.} O-O $146 {And now ...Bg5 would win.} ({Predecessor:} 17... Bf6 18. Qg4 Nd5 19. Bb5+ c6 20. Nxc6 bxc6 21. Bxc6+ {0-1 (43) Wastney,S (2378)-Dive,R (2419) Wellington 2011}) 18. Qg4 Qf6 $2 {[#]} (18... Bf6 $11 19. O-O-O Qe8) 19. Bd3 $1 $18 {White has a decisive advantage.} ({Don't take} 19. Kd2 a5 $14) 19... Qe5 20. Kd2 Be7 {aiming for ...Nd5.} 21. Rxh1 Rad8 1-0

[Event "XX Sants Open 2018"]
[Site "Cotxeres de Sants"]
[Date "2018.08.20"]
[Round "4"]
[White "Vetoshko, Volodymyr"]
[Black "Cruz, Jonathan"]
[Result "1/2-1/2"]
[WhiteElo "2525"]
[BlackElo "2420"]
[Annotator "TA"]
[PlyCount "49"]
[EventDate "2018.08.17"]
[EventType "swiss"]
[EventCountry "ESP"]
[SourceTitle "playchess.com"]
[Source "ChessBase"]
[SourceQuality "1"]

{[%evp 20,49,18,-8,0,-22,38,12,16,33,25,29,45,29,38,42,45,10,6,5,29,19,31,23,19,27,24,25,22,5,4,0]} 1. d4 Nf6 2. c4 g6 3. Nc3 d5 4. Nf3 Bg7 5. Qb3 dxc4 6. Qxc4 O-O 7. e4 a6 8. Be2 b5 9. Qb3 c5 10. dxc5 Nbd7 11. Be3 {LiveBook: 4 Games. D97: Grünfeld: Russian System: 7 e4, replies other than 7...Bg4} (11. e5 Nxc5 12. Qb4 Nfd7 13. Be3 a5 14. Qh4 e6 15. Qxd8 Rxd8 16. Nxb5 Bb7 17. Rc1 Ne4 18. Bd4 g5 {½-½ (49) Ivanchuk,V (2710)-Svidler,P (2753) Jerusalem 2018}) 11... Ng4 12. c6 Nde5 (12... Nxe3 $11 13. fxe3 Nb8) 13. Rd1 $14 {White is slightly better.} Qa5 14. Bd2 {[#] And now Nd5 would win.} Qb6 $1 {[%csl Gg4][%cal Rb6f2]} 15. O-O {Hoping for Nd5.} e6 $146 ({Predecessor:} 15... Nxc6 16. Nd5 Qb7 17. Bc3 e5 18. Qc2 Nf6 19. b4 Be6 20. Nxf6+ {½-½ (20) Lugovoi,A (2540)-L'Ami,E (2486) Gausdal 2004}) 16. a4 Nxf3+ 17. gxf3 Ne5 18. axb5 (18. c7 {looks sharper.} b4 19. Be3 Qb7 20. Na2 Qxc7 21. Rc1) 18... axb5 19. Qxb5 Qxc6 (19... Qc7 {is more complex.} 20. Qc5 Ba6 21. f4 Qxc6 22. Qxc6 Nxc6 23. Bxa6 Rxa6 24. Be3 Rb8) 20. Qxc6 Nxc6 21. Be3 Ba6 22. Bxa6 Rxa6 23. Rd6 Rb8 24. Rfd1 h5 ({But not} 24... Rxb2 $2 {[#]} 25. Rxc6 $1 {[%mdl 512]} Ra8 26. Na4 $18) 25. Bc1 {Precision: White = 53%, Black = 71%.} 1/2-1/2

[Event "XX Sants Open 2018"]
[Site "Cotxeres de Sants"]
[Date "2018.08.20"]
[Round "4"]
[White "Kezmer, Vincent"]
[Black "Demchenko, Anton"]
[Result "0-1"]
[WhiteElo "2493"]
[BlackElo "2670"]
[Annotator "TA"]
[PlyCount "74"]
[EventDate "2018.08.17"]
[EventType "swiss"]
[EventCountry "ESP"]
[SourceTitle "playchess.com"]
[Source "ChessBase"]
[SourceQuality "1"]

{[%evp 12,74,4,7,61,41,47,65,54,45,63,81,62,77,67,45,30,0,0,0,0,-119,-127,-110,-96,-82,-97,-194,-203,-181,-181,-181,-185,-208,-200,-195,-202,-202,-204,-201,-195,-219,-224,-235,-231,-251,-240,-285,-289,-473,-466,-522,-541,-552,-563,-568,-565,-577,-562,-657,-659,-827,-797,-804,-827]} 1. d4 Nf6 2. c4 b6 3. Nc3 Bb7 4. d5 e6 5. e4 (5. a3 exd5 6. cxd5 Bd6 7. Nf3 O-O 8. g3 Na6 9. Bg2 Nc5 10. b4 Nce4 11. Nxe4 Nxe4 12. Bb2 Qe7 13. O-O f5 14. Qd3 a5 {½-½ (14) Zhigalko,S (2620)-Kovalev,V (2639) Orsha 2018}) 5... exd5 6. cxd5 {A50: Damenindisch (ohne e7-e6)} Bb4 7. Bd3 {LiveBook: 4 Partien} Qe7 (7... c6 $11) 8. Nge2 $14 {Weiß steht etwas besser.} Bxc3+ 9. bxc3 Nxe4 10. O-O $146 {[#] Droht Te1 und aus.} ({Vorgänger:} 10. c4 O-O 11. O-O d6 12. Qc2 Nf6 {1-0 (57) Nylund,K-Brown,T ICC INT 2009}) 10... Nc5 11. Bc2 {[%mdl 1024] Weiss hat Kompensation.} Nba6 12. Nd4 {Droht stark Te1.} O-O-O 13. Nf5 Qe5 14. Be3 {zielt auf Ld4 ab.} Ne4 15. Qd4 Rhe8 {[%cal Bh8e8,Be8e2,Be2c2][%mdl 32]} 16. Nxg7 (16. Qxe5 $11 {bleibt in der Remisbreite.} Rxe5 17. f4 Rxf5 18. Bxe4 Rxd5 19. Bxd5 Bxd5 20. a4) 16... Nxc3 $17 17. Kh1 Qxd4 18. Bxd4 Re2 $36 {[%mdl 2048] Weiss muss aufpassen.} 19. Bxc3 (19. Bxh7 $17 Nxd5 20. Bd3) 19... Rxc2 $19 20. Bf6 Rg8 ({Keinesfalls} 20... Bxd5 21. Bxd8 Kxd8 22. a3 $15) 21. Nf5 {Und Se7+ würde nun gewinnen.} Kb8 22. Ne3 Rd2 23. a3 Bxd5 24. Rad1 Rxd1 25. Rxd1 Bc6 26. Rd4 Nc5 27. Rh4 Be4 28. Kg1 Re8 29. Bd4 Bg6 30. Bxc5 $2 (30. h3) 30... bxc5 {[%mdl 4096] Endspiel KTL-KTS. Schwarz steht klar auf Gewinn.} 31. Rc4 {[#]} d5 $1 {[%cal Bd7d5,Bd5d4][%mdl 32]} 32. Rc1 (32. Nxd5 Re1#) 32... d4 33. Nc4 Kb7 34. f4 Kc6 35. Kf2 f6 36. g4 Bd3 37. Na5+ Kd5 {Precision: Weiß = 40%, Schwarz = 82%.} 0-1